[Event "Ramat Gan Spring op"]
[Site "Ramat Gan"]
[Date "2023.05.22"]
[Round "3"]
[White "Magen, Amnon"]
[Black "Gurevich, Hillel"]
[Result "1-0"]
[WhiteElo "2087"]
[BlackElo "1656"]
[PlyCount "95"]
[EventDate "2023.05.01"]
[EventType "swiss"]
[EventRounds "7"]
[EventCountry "ISR"]
[SourceTitle "CBM 215 Extra"]
[Source "ChessBase"]
[SourceDate "2023.09.30"]
[SourceVersion "1"]
[SourceVersionDate "2023.09.30"]
[SourceQuality "1"]

1. e4 c5 2. Nf3 e6 3. d4 cxd4 4. Nxd4 Nf6 5. Nc3 Nc6 6. Ndb5 Bb4 7. a3 Bxc3+ 8. Nxc3 d5 9. exd5 exd5 10. Bd3 0-0 11. 0-0 d4 12. Ne2 Bg4 13. Qd2 Nd5 14. Ng3 Re8 15. h3 Bd7 16. c4 Nde7 17. f4 a5 18. b3 Qc7 19. Bb2 Qb6 20. Rab1 f6 21. Ba1 Ng6 22. Ne4 Qc7 23. b4 f5 24. Ng3 Re3 25. Nh5 axb4 26. axb4 Qd6 27. b5 Nd8 28. Bb2 Ra2 29. c5 Qxc5 30. Rbc1 Rxb2 31. Qxb2 Qd6 32. Bc4+ Kh8 33. Rcd1 Re4 34. Bd3 Re7 35. Qc2 Ne6 36. g3 Qb6 37. Kh2 Nc5 38. Rfe1 Rxe1 39. Rxe1 Nxd3 40. Qxd3 Qc5 41. Rd1 Qxb5 42. Qxd4 Qe2+ 43. Kg1 Qxh5 44. Qxd7 h6 45. Qe8+ Kh7 46. Rd8 Nxf4 47. Qg8+ Kg6 48. Rd6+ 1-0

[Event "Ramat Gan Shavuot Rapid"]
[Site "Ramat Gan"]
[Date "2022.06.04"]
[Round "1"]
[White "Bronstein, Or"]
[Black "Magen, Amnon"]
[Result "1-0"]
[WhiteElo "2476"]
[BlackElo "2048"]
[PlyCount "99"]
[EventDate "2022.06.04"]
[EventType "swiss (rapid)"]
[EventRounds "6"]
[EventCountry "ISR"]
[SourceTitle "CBM 208 Extra"]
[Source "ChessBase"]
[SourceDate "2022.07.31"]
[SourceVersion "1"]
[SourceVersionDate "2022.07.31"]
[SourceQuality "1"]

1. d4 d5 2. c4 c6 3. Nf3 Nf6 4. Nbd2 e6 5. g3 Nbd7 6. Bg2 Bd6 7. 0-0 0-0 8. b3 e5 9. dxe5 Nxe5 10. Bb2 Re8 11. cxd5 cxd5 12. Nxe5 Bxe5 13. Bxe5 Rxe5 14. Nf3 Re7 15. Nd4 Bg4 16. Rc1 Rc8 17. Rxc8 Qxc8 18. Qd2 h6 19. Rc1 Rc7 20. Rxc7 Qxc7 21. h3 Bh5 22. Qe3 Bg6 23. a3 Qa5 24. b4 Qb6 25. Qc3 Be4 26. e3 Bxg2 27. Kxg2 Kh7 28. Qc8 g6 29. Qf8 Qc7 30. Nb5 Qd7 31. Nd6 Qe6 32. Qxf7+ Qxf7 33. Nxf7 Ne8 34. Nd8 b5 35. Nc6 a6 36. Ne7 Nd6 37. Nxd5 Nc4 38. Nc7 Nxa3 39. Nxa6 Kg7 40. Kf3 Kf6 41. Ke4 Nc2 42. f4 g5 43. g4 h5 44. Kd3 Ne1+ 45. Ke2 Ng2 46. Kf2 Nh4 47. Nc7 hxg4 48. hxg4 Ng6 49. Kf3 Nh4+ 50. Ke4 1-0